Joueurs ayant évolués au sco d'angers - Statistiques

Statistiques générales
  • Ce quiz a été pris 167 fois
  • Le résultat moyen est 11 sur 16
Answers on the Grid
Answers color-coded by a green-red scale on the quiz's grid according to % correct below.
kopa
makélélé
modeste
serin
doué
abline
benrahma
boufal
amrabat
ounahi
bentaleb
bennacer
ait nouri
bensebaini
blanc
galtier
reine-adélaide
aubameyang
tete
bamba dieng
nampalys mendy
benjamin mendy
kader bamba
abdoulaye bamba
jonathan bamba
batista mendy
ronaldinho
pavlova
pavlovic
tait
 
Statistiques - réponses
Réponse % Correct
kopa
98%
boufal
88%
bentaleb
77%
tait
77%
ait nouri
75%
bamba dieng
75%
ounahi
75%
reine-adélaide
75%
abdoulaye bamba
73%
pavlovic
71%
batista mendy
67%
benrahma
60%
modeste
60%
jonathan bamba
58%
galtier
46%
serin
40%
Aucun quiz correspondant
Distribution des résultats
% des personnes avec chaque résultat
Percentile par nombre de réponses
Votre historique - résultats
Vous n’avez pas pris ce quiz